[Event "RAPID Gran Prix 2016"]
[Site "Khanty-Mansiysk"]
[Date "2016.12.03"]
[Round "15.1"]
[White "Alekseev, Evgeny"]
[Black "Anikonov, Dmitry"]
[Result "0-1"]
[LiveChessVersion "1.4.4"]
[BlackElo "2451"]
[WhiteElo "2652"]

1. e4 {[%clk 0:15:17]} e6 {[%clk 0:15:19]} 2. d4 {[%clk 0:15:24]} d5
{[%clk 0:15:28]} 3. Nc3 {[%clk 0:15:32]} Bb4 {[%clk 0:15:36]} 4. e5
{[%clk 0:15:20]} Ne7 {[%clk 0:15:44]} 5. a3 {[%clk 0:15:29]} Bxc3+
{[%clk 0:15:52]} 6. bxc3 {[%clk 0:15:37]} c5 {[%clk 0:16:02]} 7. Nf3
{[%clk 0:15:43]} h6 {[%clk 0:15:57]} 8. a4 {[%clk 0:14:25]} b6 {[%clk 0:14:47]}
9. Bb5+ {[%clk 0:14:22]} Nd7 {[%clk 0:13:57]} 10. O-O {[%clk 0:14:02]} O-O 11.
Nh4 {[%clk 0:12:52]} c4 {[%clk 0:12:40]} 12. Bxd7 {[%clk 0:12:19]} Bxd7 13. Qg4
{[%clk 0:11:11]} Nf5 {[%clk 0:12:13]} 14. Nf3 {[%clk 0:11:17]} a5
{[%clk 0:12:14]} 15. Qh3 f6 16. Kh1 {[%clk 0:09:13]} fxe5 {[%clk 0:10:59]} 17.
Nxe5 {[%clk 0:09:14]} Be8 {[%clk 0:10:58]} 18. Ba3 {[%clk 0:08:44]} Rf6
{[%clk 0:10:55]} 19. g4 {[%clk 0:08:36]} Nd6 {[%clk 0:10:36]} 20. Bxd6
{[%clk 0:08:30]} Qxd6 {[%clk 0:10:45]} 21. g5 {[%clk 0:08:19]} hxg5
{[%clk 0:10:48]} 22. Rg1 {[%clk 0:08:26]} Rf5 {[%clk 0:10:47]} 23. f4
{[%clk 0:08:14]} Qe7 {[%clk 0:09:42]} 24. Rxg5 {[%clk 0:07:55]} Rxg5
{[%clk 0:08:30]} 25. fxg5 {[%clk 0:08:04]} Qxg5 {[%clk 0:08:28]} 26. Qxe6+
{[%clk 0:08:02]} Kh7 27. Qxd5 {[%clk 0:06:36]} Rd8 {[%clk 0:08:26]} 28. Qe4+
{[%clk 0:06:42]} Kg8 {[%clk 0:08:17]} 29. Rf1 {[%clk 0:06:06]} Bxa4
{[%clk 0:07:22]} 30. h4 Qe7 {[%clk 0:05:59]} 31. Rf7 {[%clk 0:03:35]} Qe6
{[%clk 0:05:45]} 32. Kh2 Re8 {[%clk 0:04:00]} 33. Rf2 {[%clk 0:02:04]} Bd7 34.
Qg2 {[%clk 0:01:13]} Bc8 {[%clk 0:03:59]} 35. Qg5 Re7 {[%clk 0:02:38]} 36. Ng6
{[%clk 0:00:13]} Qh3+ {[%clk 0:02:44]} 0-1

[Event "RAPID Gran Prix 2016"]
[Site "Khanty-Mansiysk"]
[Date "2016.12.03"]
[Round "15.2"]
[White "Demidov, Mikhail"]
[Black "Volkov, Sergey"]
[Result "0-1"]
[LiveChessVersion "1.4.4"]
[BlackElo "2626"]
[WhiteElo "2514"]

1. c4 {[%clk 0:15:19]} e5 {[%clk 0:15:18]} 2. Nc3 {[%clk 0:15:27]} Bb4
{[%clk 0:15:26]} 3. Nd5 {[%clk 0:15:13]} Bc5 {[%clk 0:15:33]} 4. e3
{[%clk 0:15:17]} c6 {[%clk 0:15:39]} 5. Nc3 {[%clk 0:15:25]} Qe7 {[%clk 0:15:38]}
6. g3 {[%clk 0:15:22]} Nf6 {[%clk 0:15:16]} 7. Bg2 {[%clk 0:15:30]} O-O
{[%clk 0:15:17]} 8. Nge2 {[%clk 0:15:38]} e4 {[%clk 0:14:59]} 9. d4
{[%clk 0:15:39]} exd3 {[%clk 0:14:57]} 10. Qxd3 {[%clk 0:15:47]} d6
{[%clk 0:14:59]} 11. O-O {[%clk 0:15:53]} Nbd7 {[%clk 0:14:57]} 12. Na4
{[%clk 0:15:07]} Bb4 {[%clk 0:14:23]} 13. a3 {[%clk 0:15:05]} Ne5
{[%clk 0:14:13]} 14. Qc2 {[%clk 0:13:59]} Ba5 {[%clk 0:14:17]} 15. b4
{[%clk 0:13:05]} Bc7 {[%clk 0:14:22]} 16. Bd2 {[%clk 0:13:01]} Re8
{[%clk 0:12:18]} 17. Nb2 {[%clk 0:11:39]} h5 {[%clk 0:11:01]} 18. e4
{[%clk 0:10:58]} h4 {[%clk 0:10:59]} 19. gxh4 {[%clk 0:10:36]} d5
{[%clk 0:09:51]} 20. exd5 {[%clk 0:08:25]} cxd5 {[%clk 0:08:20]} 21. Ng3
{[%clk 0:08:33]} Ne4 {[%clk 0:07:07]} 22. cxd5 {[%clk 0:06:09]} Nxd2
{[%clk 0:06:53]} 23. Qxd2 {[%clk 0:06:16]} Qxh4 {[%clk 0:06:32]} 24. d6
{[%clk 0:03:09]} Bb6 {[%clk 0:05:51]} 25. Rfe1 {[%clk 0:03:15]} Bd7
{[%clk 0:05:25]} 26. Nd3 {[%clk 0:02:59]} Ng4 {[%clk 0:05:00]} 27. Nf1
{[%clk 0:03:07]} Bb5 {[%clk 0:04:39]} 28. Nc5 {[%clk 0:02:11]} Bxf1
{[%clk 0:04:27]} 29. Kxf1 {[%clk 0:02:19]} Qxh2 {[%clk 0:03:31]} 30. Qg5
{[%clk 0:00:50]} Nf6 {[%clk 0:02:26]} 31. Qg3 {[%clk 0:00:34]} Qh5
{[%clk 0:02:28]} 32. Nxb7 {[%clk 0:00:20]} Qb5+ {[%clk 0:01:51]} 33. Kg1
{[%clk 0:00:27]} Rab8 {[%clk 0:01:32]} 34. Rad1 {[%clk 0:00:16]} Qf5
{[%clk 0:00:57]} 35. Bf3 {[%clk 0:00:18]} Nd7 {[%clk 0:00:47]} 36. Bg4
{[%clk 0:00:17]} Bxf2+ {[%clk 0:00:54]} 37. Kg2 {[%clk 0:00:17]} Rxe1
{[%clk 0:00:47]} 38. Bxf5 {[%clk 0:00:19]} Bxg3 {[%clk 0:00:53]} 39. Rd3
{[%clk 0:00:18]} Bxd6 {[%clk 0:00:48]} 40. Nxd6 {[%clk 0:00:25]} Ne5
{[%clk 0:00:52]} 41. Rd5 {[%clk 0:00:31]} g6 {[%clk 0:00:49]} 42. Be4
{[%clk 0:00:32]} Rd8 {[%clk 0:00:38]} 43. Kf2 {[%clk 0:00:36]} Ra1
{[%clk 0:00:36]} 44. Nb5 {[%clk 0:00:44]} Rxd5 {[%clk 0:00:42]} 45. Bxd5
{[%clk 0:00:52]} a6 {[%clk 0:00:50]} 46. Nc7 {[%clk 0:01:01]} Rxa3
{[%clk 0:00:58]} 47. Bb7 {[%clk 0:01:09]} Nd3+ {[%clk 0:01:07]} 0-1

[Event "RAPID Gran Prix 2016"]
[Site "Khanty-Mansiysk"]
[Date "2016.12.03"]
[Round "15.4"]
[White "Sukhareva, Evgeniya"]
[Black "Maletin, Pavel"]
[Result "0-1"]
[LiveChessVersion "1.4.4"]
[BlackElo "2625"]
[WhiteElo "2306"]

1. d4 {[%clk 0:15:19]} Nf6 {[%clk 0:15:17]} 2. c4 {[%clk 0:15:28]} e6
{[%clk 0:15:26]} 3. Nf3 {[%clk 0:15:33]} d5 {[%clk 0:15:35]} 4. Bg5
{[%clk 0:15:40]} h6 {[%clk 0:15:42]} 5. Bh4 {[%clk 0:15:45]} Bb4+
{[%clk 0:15:11]} 6. Nc3 {[%clk 0:15:46]} dxc4 {[%clk 0:15:17]} 7. e3
{[%clk 0:14:47]} b5 {[%clk 0:15:25]} 8. a3 {[%clk 0:14:54]} Ba5 {[%clk 0:15:23]}
9. Nd2 {[%clk 0:14:48]} c6 {[%clk 0:15:17]} 10. Be2 {[%clk 0:14:45]} Bb7
{[%clk 0:15:13]} 11. O-O {[%clk 0:14:49]} Nbd7 {[%clk 0:15:15]} 12. Nde4
{[%clk 0:14:38]} Bc7 {[%clk 0:14:29]} 13. Nxf6+ {[%clk 0:14:35]} Nxf6
{[%clk 0:14:22]} 14. Ne4 {[%clk 0:14:21]} g5 {[%clk 0:14:12]} 15. Nxf6+
{[%clk 0:14:28]} Qxf6 {[%clk 0:14:21]} 16. Bg3 {[%clk 0:14:36]} Bxg3
{[%clk 0:14:26]} 17. fxg3 {[%clk 0:13:32]} Qe7 {[%clk 0:14:27]} 18. Bh5
{[%clk 0:10:44]} O-O {[%clk 0:14:35]} 19. b3 {[%clk 0:10:21]} c5 {[%clk 0:14:07]}
20. bxc4 {[%clk 0:08:22]} bxc4 {[%clk 0:14:12]} 21. Qc2 {[%clk 0:07:06]} cxd4
{[%clk 0:14:00]} 22. exd4 {[%clk 0:07:14]} Qd6 {[%clk 0:12:27]} 23. Rad1
{[%clk 0:04:47]} f5 {[%clk 0:12:34]} 24. g4 {[%clk 0:04:24]} Be4 {[%clk 0:12:40]}
25. Qxc4 {[%clk 0:03:27]} Rac8 {[%clk 0:12:48]} 26. Qe2 {[%clk 0:02:13]} Rc2
{[%clk 0:12:44]} 27. Rd2 {[%clk 0:01:57]} Qxd4+ {[%clk 0:12:11]} 28. Rxd4
{[%clk 0:01:53]} Rxe2 {[%clk 0:12:19]} 29. Rf2 {[%clk 0:01:58]} Re1+
{[%clk 0:11:50]} 30. Rf1 {[%clk 0:02:06]} Rxf1+ {[%clk 0:11:17]} 31. Kxf1
{[%clk 0:02:14]} fxg4+ {[%clk 0:11:17]} 32. Kg1 {[%clk 0:00:59]} Bf5
{[%clk 0:11:09]} 33. Bxg4 {[%clk 0:00:57]} e5 {[%clk 0:09:52]} 34. Ra4
{[%clk 0:00:53]} Bxg4 {[%clk 0:09:59]} 35. Rxg4 {[%clk 0:01:02]} Rf4
{[%clk 0:10:08]} 36. Rg3 {[%clk 0:01:10]} Kf7 {[%clk 0:10:05]} 37. Rc3
{[%clk 0:00:22]} Ra4 {[%clk 0:10:14]} 38. Kf2 {[%clk 0:00:29]} h5
{[%clk 0:10:14]} 39. g3 {[%clk 0:00:17]} Kf6 {[%clk 0:10:19]} 40. h3
{[%clk 0:00:20]} Kf5 {[%clk 0:10:24]} 41. Ke3 {[%clk 0:00:25]} a5
{[%clk 0:10:22]} 42. Kf3 {[%clk 0:00:29]} g4+ {[%clk 0:09:58]} 43. hxg4+
{[%clk 0:00:36]} hxg4+ {[%clk 0:10:00]} 44. Ke3 {[%clk 0:00:41]} Re4+
{[%clk 0:09:44]} 45. Kf2 {[%clk 0:00:45]} Ke6 {[%clk 0:09:18]} 46. Rc5
{[%clk 0:00:36]} Ra4 {[%clk 0:09:24]} 47. Rc3 {[%clk 0:00:44]} Kd5
{[%clk 0:09:16]} 48. Ke3 {[%clk 0:00:48]} Re4+ {[%clk 0:09:15]} 49. Kd2
{[%clk 0:00:23]} Rd4+ {[%clk 0:09:11]} 50. Ke3 {[%clk 0:00:26]} Re4+
{[%clk 0:08:31]} 51. Kd2 {[%clk 0:00:34]} Rc4 {[%clk 0:08:33]} 52. Rb3
{[%clk 0:00:17]} Ke4 {[%clk 0:08:18]} 53. Re3+ {[%clk 0:00:20]} Kd5
{[%clk 0:08:05]} 54. Rb3 {[%clk 0:00:22]} Rd4+ {[%clk 0:07:59]} 55. Kc2
{[%clk 0:00:14]} Ke4 {[%clk 0:08:04]} 56. Rb5 {[%clk 0:00:15]} a4
{[%clk 0:08:05]} 57. Rc5 {[%clk 0:00:19]} Kf3 {[%clk 0:08:09]} 58. Rc3+
{[%clk 0:00:16]} Kg2 {[%clk 0:08:17]} 59. Re3 {[%clk 0:00:14]} e4
{[%clk 0:08:24]} 60. Rc3 {[%clk 0:00:13]} Kf2 {[%clk 0:08:31]} 0-1

[Event "RAPID Gran Prix 2016"]
[Site "Khanty-Mansiysk"]
[Date "2016.12.03"]
[Round "15.6"]
[White "Dreev, Aleksey"]
[Black "Rublevsky, Sergei"]
[Result "1/2-1/2"]
[LiveChessVersion "1.4.4"]
[BlackElo "2718"]
[WhiteElo "2705"]

1. d4 {[%clk 0:15:05]} d5 {[%clk 0:15:19]} 2. c4 {[%clk 0:15:11]} c6
{[%clk 0:15:29]} 3. Nf3 {[%clk 0:15:15]} Nf6 {[%clk 0:15:37]} 4. e3
{[%clk 0:15:02]} Bf5 {[%clk 0:15:45]} 5. Nc3 {[%clk 0:15:10]} e6 {[%clk 0:15:54]}
6. Nh4 {[%clk 0:15:18]} Bg6 {[%clk 0:16:03]} 7. Nxg6 {[%clk 0:15:24]} hxg6
{[%clk 0:16:11]} 8. Bd2 {[%clk 0:14:54]} Nbd7 {[%clk 0:16:18]} 9. Qc2
{[%clk 0:14:42]} Bd6 {[%clk 0:15:37]} 10. O-O-O {[%clk 0:14:18]} Qe7
{[%clk 0:14:42]} 11. Kb1 {[%clk 0:14:14]} a6 {[%clk 0:12:26]} 12. e4
{[%clk 0:11:14]} Nxe4 {[%clk 0:12:17]} 13. Nxe4 {[%clk 0:11:22]} dxe4
{[%clk 0:12:26]} 14. Qxe4 {[%clk 0:11:31]} O-O-O {[%clk 0:11:19]} 15. g3
{[%clk 0:10:24]} e5 {[%clk 0:09:43]} 16. Ba5 {[%clk 0:09:30]} Bc7
{[%clk 0:09:50]} 17. Bxc7 {[%clk 0:07:39]} Kxc7 {[%clk 0:09:58]} 18. Bg2
{[%clk 0:07:40]} f5 {[%clk 0:08:57]} 19. Qe3 {[%clk 0:07:26]} e4 {[%clk 0:07:45]}
20. f3 {[%clk 0:07:14]} Nf6 {[%clk 0:07:52]} 21. fxe4 {[%clk 0:07:22]} Nxe4
{[%clk 0:07:55]} 22. Bxe4 {[%clk 0:03:35]} Qxe4+ {[%clk 0:08:03]} 23. Qxe4
{[%clk 0:03:43]} fxe4 {[%clk 0:08:12]} 24. Kc2 {[%clk 0:03:23]} Rhf8
{[%clk 0:07:40]} 25. Rhe1 {[%clk 0:03:26]} Rf2+ {[%clk 0:07:20]} 26. Kc3
{[%clk 0:03:34]} Rf3+ {[%clk 0:06:53]} 27. Kc2 {[%clk 0:03:39]} Rf2+
{[%clk 0:06:55]} 28. Kc3 {[%clk 0:03:47]} 1/2-1/2

[Event "RAPID Gran Prix 2016"]
[Site "Khanty-Mansiysk"]
[Date "2016.12.03"]
[Round "15.7"]
[White "Bocharov, Dmitry"]
[Black "Smirnov, Pavel"]
[Result "1-0"]
[LiveChessVersion "1.4.4"]
[BlackElo "2589"]
[WhiteElo "2573"]

1. g3 {[%clk 0:15:18]} d5 {[%clk 0:15:17]} 2. Bg2 {[%clk 0:15:26]} Nf6
{[%clk 0:15:25]} 3. d3 {[%clk 0:15:31]} c5 {[%clk 0:15:05]} 4. c4
{[%clk 0:15:06]} dxc4 {[%clk 0:12:19]} 5. Qa4+ {[%clk 0:15:11]} Bd7
{[%clk 0:12:24]} 6. Qxc4 {[%clk 0:15:19]} Nc6 {[%clk 0:11:18]} 7. Nf3
{[%clk 0:13:54]} e6 {[%clk 0:11:15]} 8. O-O {[%clk 0:13:51]} Rc8 {[%clk 0:11:04]}
9. b3 {[%clk 0:13:04]} Be7 {[%clk 0:10:51]} 10. Bb2 {[%clk 0:13:09]} O-O
{[%clk 0:10:59]} 11. Nbd2 {[%clk 0:13:14]} Nd5 {[%clk 0:10:30]} 12. Qc1
{[%clk 0:13:01]} b6 {[%clk 0:10:00]} 13. e3 {[%clk 0:11:48]} Ndb4
{[%clk 0:09:14]} 14. Qb1 {[%clk 0:11:44]} Be8 {[%clk 0:09:23]} 15. Ne1
{[%clk 0:11:38]} Bf6 {[%clk 0:09:28]} 16. Bxf6 {[%clk 0:10:29]} Qxf6
{[%clk 0:09:37]} 17. Ne4 {[%clk 0:10:37]} Qe7 {[%clk 0:09:45]} 18. a3
{[%clk 0:10:45]} Nd5 {[%clk 0:09:54]} 19. Qb2 {[%clk 0:10:53]} Bd7
{[%clk 0:08:01]} 20. Rc1 {[%clk 0:10:41]} Rfd8 {[%clk 0:07:59]} 21. Nf3
{[%clk 0:10:49]} Be8 {[%clk 0:07:16]} 22. Rfd1 {[%clk 0:10:53]} f6
{[%clk 0:07:13]} 23. Rd2 {[%clk 0:08:50]} Bf7 {[%clk 0:07:15]} 24. Rdc2
{[%clk 0:08:41]} Qe8 {[%clk 0:06:26]} 25. g4 {[%clk 0:07:40]} h6 {[%clk 0:05:53]}
26. h4 {[%clk 0:07:45]} e5 {[%clk 0:05:50]} 27. g5 {[%clk 0:07:41]} hxg5
{[%clk 0:05:54]} 28. hxg5 {[%clk 0:07:49]} Qe6 {[%clk 0:04:58]} 29. gxf6
{[%clk 0:07:08]} gxf6 {[%clk 0:05:04]} 30. Ng3 {[%clk 0:06:58]} Bg6
{[%clk 0:04:38]} 31. Rd2 {[%clk 0:06:38]} Nde7 {[%clk 0:04:22]} 32. Rcd1
{[%clk 0:05:51]} Qg4 {[%clk 0:03:49]} 33. Nh2 {[%clk 0:04:05]} Qh4
{[%clk 0:03:58]} 34. Be4 {[%clk 0:04:13]} f5 {[%clk 0:03:38]} 35. Bg2
{[%clk 0:03:53]} f4 {[%clk 0:01:50]} 36. Nf3 {[%clk 0:04:00]} Qg4
{[%clk 0:00:26]} 37. exf4 {[%clk 0:04:07]} exf4 {[%clk 0:00:31]} 38. Nf1
{[%clk 0:03:08]} Nf5 {[%clk 0:00:22]} 39. N1h2 {[%clk 0:01:19]} Qh5
{[%clk 0:00:32]} 40. Qf6 {[%clk 0:01:27]} Rd6 {[%clk 0:00:35]} 41. Qg5
{[%clk 0:01:35]} Qxg5 {[%clk 0:00:24]} 42. Nxg5 {[%clk 0:01:43]} Nfd4
{[%clk 0:00:30]} 43. Rb2 {[%clk 0:01:48]} Re8 {[%clk 0:00:31]} 44. Kf1
{[%clk 0:01:11]} Ne5 {[%clk 0:00:25]} 45. Ne4 {[%clk 0:01:09]} Bxe4
{[%clk 0:00:33]} 46. Bxe4 {[%clk 0:01:17]} Kf7 {[%clk 0:00:27]} 47. b4
{[%clk 0:01:15]} Rh6 {[%clk 0:00:36]} 48. f3 {[%clk 0:01:24]} Reh8
{[%clk 0:00:45]} 49. Rdd2 {[%clk 0:01:29]} Ke6 {[%clk 0:00:45]} 50. bxc5
{[%clk 0:01:34]} bxc5 {[%clk 0:00:54]} 51. Rf2 {[%clk 0:01:05]} Nf5
{[%clk 0:00:26]} 52. Bxf5+ {[%clk 0:00:20]} Kxf5 {[%clk 0:00:35]} 53. Rbd2
{[%clk 0:00:29]} Rd8 {[%clk 0:00:34]} 54. Rfe2 {[%clk 0:00:33]} Rhd6
{[%clk 0:00:36]} 55. Rc2 {[%clk 0:00:38]} Nxd3 {[%clk 0:00:37]} 56. Ng4
{[%clk 0:00:47]} Rb8 {[%clk 0:00:26]} 57. Rh2 {[%clk 0:00:32]} Rb1+
{[%clk 0:00:22]} 58. Ke2 {[%clk 0:00:38]} Kg5 {[%clk 0:00:14]} 59. Nf2
{[%clk 0:00:40]} Nc1+ {[%clk 0:00:13]} 60. Rxc1 {[%clk 0:00:46]} Rxc1
{[%clk 0:00:16]} 61. Ne4+ {[%clk 0:00:54]} Kf5 {[%clk 0:00:22]} 62. Nxd6+
{[%clk 0:01:01]} Ke5 {[%clk 0:00:31]} 63. Ne4 {[%clk 0:01:03]} Kd4
{[%clk 0:00:28]} 64. Rh7 {[%clk 0:01:09]} Rc2+ {[%clk 0:00:33]} 65. Nd2
{[%clk 0:01:09]} Kc3 {[%clk 0:00:12]} 66. Rd7 {[%clk 0:01:14]} c4
{[%clk 0:00:14]} 67. Kd1 {[%clk 0:01:22]} Rb2 {[%clk 0:00:16]} 68. Ne4+
{[%clk 0:01:26]} Kb3 {[%clk 0:00:26]} 69. Rb7+ {[%clk 0:01:31]} Ka2
{[%clk 0:00:28]} 70. Nc3+ {[%clk 0:01:26]} Kxa3 {[%clk 0:00:34]} 71. Rxa7+
{[%clk 0:01:33]} Kb3 {[%clk 0:00:41]} 72. Ne4 {[%clk 0:01:36]} Rb1+
{[%clk 0:00:43]} 73. Ke2 {[%clk 0:01:42]} Rb2+ {[%clk 0:00:47]} 74. Kd1
{[%clk 0:01:20]} Rb1+ {[%clk 0:00:56]} 75. Kd2 {[%clk 0:01:26]} Rb2+
{[%clk 0:01:03]} 76. Kc1 {[%clk 0:01:35]} Rc2+ {[%clk 0:01:00]} 77. Kd1
{[%clk 0:01:43]} Rh2 {[%clk 0:00:59]} 78. Rb7+ {[%clk 0:01:51]} Ka3
{[%clk 0:01:03]} 79. Nd2 {[%clk 0:01:54]} Ka4 {[%clk 0:00:38]} 80. Rc7
{[%clk 0:01:48]} Kb5 {[%clk 0:00:21]} 81. Nxc4 {[%clk 0:01:50]} Rh6
{[%clk 0:00:13]} 82. Nd2 {[%clk 0:01:53]} Kb6 {[%clk 0:00:19]} 83. Rf7
{[%clk 0:01:57]} Rh4 {[%clk 0:00:29]} 84. Rf5 Kc6 85. Ne4 {[%clk 0:02:05]} Kd7
{[%clk 0:00:40]} 86. Ke2 {[%clk 0:02:05]} Ke6 {[%clk 0:00:49]} 87. Ra5
{[%clk 0:02:12]} Rh1 {[%clk 0:00:47]} 88. Nc5+ {[%clk 0:02:16]} Kf6
{[%clk 0:00:52]} 89. Nd3 {[%clk 0:02:19]} Rh2+ {[%clk 0:00:59]} 90. Kf1
{[%clk 0:02:26]} Rh4 {[%clk 0:01:04]} 91. Kg2 {[%clk 0:02:29]} Kg6
{[%clk 0:01:01]} 92. Ne5+ {[%clk 0:02:15]} Kf5 {[%clk 0:01:01]} 93. Ng4+
{[%clk 0:02:23]} Kg6 {[%clk 0:01:01]} 94. Kf2 {[%clk 0:02:06]} Rh1
{[%clk 0:00:53]} 95. Ke2 {[%clk 0:02:13]} Rh3 {[%clk 0:00:53]} 96. Ne5+
{[%clk 0:02:14]} Kf6 {[%clk 0:01:00]} 97. Kd3 {[%clk 0:02:17]} Kg5
{[%clk 0:00:14]} 98. Ke4 {[%clk 0:02:22]} Rh1 {[%clk 0:00:15]} 99. Nd3+
{[%clk 0:02:26]} Kh4 {[%clk 0:00:14]} 100. Kxf4 {[%clk 0:02:33]} Rb1
{[%clk 0:00:16]} 101. Ra8 {[%clk 0:02:33]} Kh5 {[%clk 0:00:20]} 102. Ke4
{[%clk 0:02:33]} 1-0

[Event "RAPID Gran Prix 2016"]
[Site "Khanty-Mansiysk"]
[Date "2016.12.03"]
[Round "15.8"]
[White "Maltsevskaya, Aleksandra"]
[Black "Yudin, Sergei"]
[Result "0-1"]
[LiveChessVersion "1.4.4"]
[BlackElo "2594"]
[WhiteElo "2182"]

1. e4 {[%clk 0:15:16]} d6 {[%clk 0:15:19]} 2. d4 {[%clk 0:15:22]} Nf6
{[%clk 0:15:27]} 3. Nc3 {[%clk 0:15:29]} e5 {[%clk 0:15:35]} 4. Nf3
{[%clk 0:15:35]} Nbd7 {[%clk 0:15:43]} 5. Bc4 {[%clk 0:15:41]} Be7
{[%clk 0:15:52]} 6. O-O {[%clk 0:15:31]} O-O {[%clk 0:16:00]} 7. Re1
{[%clk 0:15:10]} c6 {[%clk 0:16:07]} 8. a4 {[%clk 0:15:19]} exd4 {[%clk 0:15:33]}
9. Nxd4 {[%clk 0:15:23]} Ne5 {[%clk 0:15:42]} 10. Bb3 {[%clk 0:15:17]} Re8
{[%clk 0:15:49]} 11. h3 {[%clk 0:15:18]} Ng6 {[%clk 0:15:55]} 12. Be3
{[%clk 0:14:34]} Bf8 {[%clk 0:15:14]} 13. f3 {[%clk 0:14:32]} Bd7
{[%clk 0:15:12]} 14. Qd2 {[%clk 0:14:26]} h6 {[%clk 0:15:12]} 15. Rad1
{[%clk 0:14:28]} a6 {[%clk 0:15:03]} 16. Qf2 {[%clk 0:12:17]} b5 {[%clk 0:14:58]}
17. axb5 {[%clk 0:12:25]} axb5 {[%clk 0:15:07]} 18. Qg3 {[%clk 0:12:29]} Ne5
{[%clk 0:13:09]} 19. Nf5 {[%clk 0:10:35]} Bxf5 {[%clk 0:12:53]} 20. exf5
{[%clk 0:10:44]} Nh5 {[%clk 0:09:26]} 21. Qf2 {[%clk 0:10:42]} Be7
{[%clk 0:08:54]} 22. Qd2 {[%clk 0:08:29]} Bh4 {[%clk 0:08:37]} 23. Bf2
{[%clk 0:08:36]} d5 {[%clk 0:07:28]} 24. f4 {[%clk 0:07:27]} Bxf2+
{[%clk 0:07:32]} 25. Qxf2 {[%clk 0:07:34]} Nc4 {[%clk 0:07:07]} 26. Bxc4
{[%clk 0:07:05]} bxc4 {[%clk 0:07:16]} 27. Ne2 {[%clk 0:01:46]} Nf6
{[%clk 0:06:37]} 28. Ng3 {[%clk 0:01:25]} Qc7 {[%clk 0:06:10]} 29. Qd4
{[%clk 0:01:02]} c5 {[%clk 0:06:00]} 30. Qf2 {[%clk 0:01:07]} d4 {[%clk 0:05:14]}
31. Qf3 {[%clk 0:00:59]} Rab8 {[%clk 0:05:09]} 32. Ne4 {[%clk 0:00:48]} Nd5
{[%clk 0:03:58]} 33. f6 {[%clk 0:00:30]} Qxf4 {[%clk 0:03:59]} 34. Qxf4
{[%clk 0:00:27]} Nxf4 {[%clk 0:04:07]} 35. fxg7 {[%clk 0:00:33]} Kxg7
{[%clk 0:04:11]} 36. Nxc5 {[%clk 0:00:20]} Rxe1+ {[%clk 0:02:54]} 37. Rxe1
{[%clk 0:00:29]} Rxb2 {[%clk 0:02:16]} 38. Re4 {[%clk 0:00:17]} Ng6
{[%clk 0:02:21]} 39. Rxd4 {[%clk 0:00:25]} Rxc2 {[%clk 0:02:29]} 40. Na4
{[%clk 0:00:16]} Kf6 {[%clk 0:01:51]} 41. Nb6 {[%clk 0:00:17]} Ne5
{[%clk 0:01:39]} 42. Nd5+ {[%clk 0:00:19]} Ke6 {[%clk 0:01:33]} 43. Nf4+
{[%clk 0:00:19]} Kf5 {[%clk 0:01:32]} 44. Nd5 {[%clk 0:00:27]} Rc1+
{[%clk 0:01:23]} 45. Kf2 {[%clk 0:00:27]} Nd3+ {[%clk 0:01:31]} 46. Ke3
{[%clk 0:00:13]} Ke5 {[%clk 0:01:38]} 47. Nb6 {[%clk 0:00:12]} Re1+
{[%clk 0:01:45]} 0-1